Nintendo Consoles by their year of release - Statistics

General Stats
  • This quiz has been taken 116 times
  • The average score is 14 of 24
Answer Stats
Hint Answer % Correct
1983 NES
91%
1990 SNES
89%
1989 Game Boy
88%
2006 Wii
88%
2004 DS
83%
2011 3DS
81%
2001 Gamecube
81%
1996 Nintendo 64/N64
81%
2012 Wii U
80%
2001 Game Boy Advance
77%
1998 Game Boy Color
75%
2017 (Nintendo) Switch
75%
1980 Game & Watch
55%
2013 2DS
52%
2008 DSi
49%
1995 Virtual Boy
47%
2012 3DS XL
39%
2006 DS Lite
39%
2014 New 3DS
31%
1977 Color TV-game
20%
2009 DSi XL
19%
2014 New 3DS XL
19%
2001 Pokémon Mini
16%
2017 New 2DS XL
12%
No matching quizzes found
Score Distribution
Percent of People with Each Score
Percentile by Number Answered
Your Score History
You have not taken this quiz